00609nam a22001817a 450000500170000001000250001702000260004203500290006803700200009703700150011708200080013210000320014024500860017226000390025827000780029730000330037550000190040820180426112359.0 a1718EN-30 ENG-122673 a9789386042217c350.00 aB-682435-453 EN-106205 bAakar/Ven.adpl bDBAD/PUB.  a954 aKosambi, Damodar Dharmanand aAn introducation to the study of Indian history / cby Damodar Dharmanand Kosambi aNew DelhibSAGE Publicationsc2016 aB1/I-1 Mohan Cooperative Industrial Area, Mathura RoadbNew Delhie110044 axxiv,234p.:c24cm(pbk)bill. aIncludes index